[Event "Olympiad-41"]
[Site "Tromsoe"]
[Date "2014.08.11"]
[Round "9.2"]
[White "Bacrot, Etienne"]
[Black "Laznicka, Viktor"]
[Result "1-0"]
[WhiteElo "2720"]
[BlackElo "2676"]
[Annotator "Marin,M"]
[PlyCount "77"]
[EventDate "2014.08.02"]
[EventType "team-swiss"]
[EventRounds "11"]
[EventCountry "NOR"]
[SourceTitle "CBM 162"]
[Source "ChessBase"]
[SourceDate "2014.09.17"]
[SourceVersion "1"]
[SourceVersionDate "2014.09.17"]
[SourceQuality "1"]
[WhiteTeam "France"]
[BlackTeam "Czech Republic"]
[WhiteTeamCountry "FRA"]
[BlackTeamCountry "CZE"]

1. d4 d5 2. c4 c6 3. Nc3 Nf6 4. e3 a6 5. Nf3 b5 6. b3 Bg4 7. Qc2 {A relatively
unexplored continuation.} ({Ever since the Chebanenko Slav became fashionable,
there have been intense theoretical disputes after the natural} 7. Be2) ({
Another popular move is} 7. h3 {, leading to sharper play.}) 7... e6 ({
Laznicka deviates from a previous game in which he failed to equalise:} 7...
Bxf3 8. gxf3 Nbd7 9. f4 e6 ({Black is not prepared for counterattacking in the
centre with} 9... bxc4 $6 10. bxc4 c5 $6 11. dxc5 e6 12. cxd5 $16 {Shahade,G 
(2475)-Aaron,D (2234) Philadelphia 2012 (1-0, 23)}) 10. c5 {Black's position
is quite solid, but very passive since there are no pawn breaks in sight.} g6
11. Bd3 a5 ({Or if} 11... Bg7 12. Bb2 Ng8 13. Ne2 Ne7 14. h4 h5 15. Ng1 Nf5 16.
Nf3 Qe7 17. O-O-O {Black is in no immediate danger, but needs to stay passive
and permanently watch White's active ideas. For instance,} Bf6 $6 {as played
in Arizmendi Martinez,J (2571)-Movsesian,S (2693) Legnica 2013 (1/2-1/2, 21)
could have been met with the energetic} 18. e4 $1 dxe4 19. Bxe4 Rc8 20. Rde1
$36) 12. Bb2 Nh5 13. Ne2 Qh4 14. Ng1 Qg4 15. Be2 Qf5 16. Bd3 Qg4 17. Be2 Qf5
18. Qxf5 exf5 19. Bxh5 gxh5 $14 {For practical reasons, White is almost a pawn
up, Shimanov,A (2591)-Laznicka,V (2702) Plovdiv 2012 (1-0, 73) Laznicka played
his last move after less than one minute, meaning that he had done his
homework in the meanwhile.}) (7... Nbd7 {allows the active} 8. Ne5 Nxe5 9. dxe5
Nd7 10. cxd5 cxd5 11. Nxd5 Rc8 12. Qe4 h5 13. h3 Nc5 14. Qd4 Bf5 15. Be2 $14 {
Black's initiative has come to an end and he has no real compensation for
White's (true, double) extra pawn Kunin,V (2507)-Schneider,I (2510) Frankfurt
2013 (1-0, 28)}) 8. Ne5 (8. c5 {is premature.} Nbd7 9. Bb2 Bf5 10. Bd3 Bxd3 11.
Qxd3 g6 {White has more or less solved the opening problems, as the white
knight move to e5 would lose a pawn.} 12. a4 b4 13. Na2 a5 14. Qc2 Bg7 15. Nc1
Ne4 16. Nd3 Qe7 17. Nfe5 Bxe5 {1/2-1/2 Kunte,A (2511)-Ghosh,D (2425) Kolkata
2012}) 8... Bf5 9. Bd3 Bxd3 10. Nxd3 {Looking at this position it is hard to
foresee that both sides will get passed pawns just ten moves later. Black has
a solid pawn chain on light squares and it seems that the fight will focus on
dealing with White's space advantage. But the very next move induces some
structural changes.} bxc4 {Hoping to get rid of all the queenside weaknesses.}
(10... Nbd7 11. O-O {leaves Black at a crossroads.} Bd6 ({With the queenside
not blocked, developing the bishop by fianchetto leaves the a3-f8 diagonal
undefended:} 11... g6 12. Ne2 Bg7 13. a4 O-O 14. Ba3 $36) ({The passive} 11...
Be7 {may be a bit safer}) 12. c5 Bb8 13. a4 $1 $14 {Pashikian,A (2608)
-Simonian,H (2470) Yerevan 2012 CBM 147 [Let's Check] (1-0, 64)}) 11. bxc4 dxc4
12. Ne5 Nbd7 {By giving up the tension, Black hopes to play .. . c6-c5 in time,
which would lead to a drawish simplification. Abstractly, I find this approach
a bit illogical. After having invested a tempo in ... a7-a6 in order to
support ...b7-b5, I would think of keeping my pawn on b5 for as long as
possible. Moreover, the early exchange on c4 turns the a6-pawn into a relative
weakness. But these are the thoughts of an old man, chess is way more concrete
nowadays.} 13. O-O Qc7 $146 ({After} 13... Nxe5 14. dxe5 Nd5 15. Rd1 Qa5 16.
Ne4 {the e5-pawn kept Black under long term pressure in Kramnik,V (2800)
-Ivanchuk,V (2775) Moscow 2011 CBM 146 [RR] (1/2-1/2, 57). With this move,
Laznicka forces his opponent to release the tension himself, but on the other
hand he delays the kingside development for one tempo. It will soon be
revealed that a tempo is what he misses to achieve obvious equality.}) 14. Nxd7
Nxd7 15. Ne4 Nb6 16. Rb1 Be7 17. Nd2 O-O 18. Nxc4 Nxc4 19. Qxc4 {White has
retrieved the pawn and if allowed to complete his development will enjoy the
pressure against the backward c6-pawn.} Rfc8 {Black prepares the thematic ...
c6-c5, but the consequences of this pawn break will not be entirely
satisfactory.} (19... c5 {would be premature due to} 20. Ba3 Rfc8 21. Rfc1 {
winning a pawn.}) ({Black cannot fight for the b-file yet, as his queenside
pawns are hanging. The only way to prepare it would be} 19... a5 {for instance}
20. e4 Rab8 21. Bd2 Rxb1 22. Rxb1 Rb8 {True, it is far from easy to head for
this inferior position and the ensuing one-sided defensive game. The game
continuation is more principled, but requires accurate handling of the
position in the next phase.}) 20. e4 c5 21. d5 exd5 22. exd5 {Both sides have
got passed pawns, but there are a few details making White's position
preferable. His pawn is more advanced and, for once, his queen is a perfect
blocking piece! Placed on a light square it cannot be attacked easily, safely
defending the d5- and (not least) a2-pawns and keeping an eye on the a6-pawn.
We could say that, far from creating any threats, the black pawn is the safest
"umbrella" for the white queen! In the long run, White could secure Her
Majesty against ...Qb5 or ...Rb4 with a2-a4 and Bd2-c3. In order to get close
to equality, Black needs to find the optimal way to place his pieces.} Bd6 $6 {
This natural move, safely blocking the pawn, is the main cause of Black's
future problems. The bishop obstructs the d-file and the sixth rank at the
same time, preventing Black's harmonious regrouping.} ({First of all, Black
needed to exchange one rook:} 22... Rcb8 23. Bd2 (23. Bf4 Bd6 24. Bxd6 Qxd6 {
leads to complete equality, since the black queen is as stable and useful as
her rival.}) ({White cannot keep the tension along the b-file under favourable
circumstances:} 23. Rb3 Bd6 24. g3 Rb4 $1) 23... Rxb1 24. Rxb1 Rd8 {
Threatening to attack the d5-pawn.} 25. Bc3 Qd6 26. Rd1 Qg6 {Black keeps the
d5-pawn under control, defends his queenside pawns rather safely. Moreover,
the queen is prepared to secure the kingside, too. Black's next moves would be
...Bf8 and .. .h7-h5, after which he will stick to half waiting moves. White's
position would remain more active, but without obvious ways to make progress.})
23. g3 Qa5 {This is the logical follow-up of the previous move. After having
blocked the pawn by simple means, Black is free to activate his queen. The
last move prevents Bd2 (although this is relative, as we will see) and
prepares to question the white queen's stability with ...Rab8 followed by
either ...Rb4 or ...Qb5 shortly after. But on the other hand, taking the queen
far from the kingside is a risky and, what's worse, irreversible, decision.}
24. Rd1 (24. Bb2 $6 Qb4 {would solve most of Black's problems.}) 24... Rab8 25.
Be3 {Bacrot delays the bishop's transfer to the long diagonal for a better
moment} ({If truth to be said,} 25. Bd2 {was entirely possible:} Rxb1 26. Rxb1
Qxd2 27. Qxa6 Rf8 ({Due to the back rank weakness,} 27... Rd8 {does not prevent
} 28. Qxd6 $1 {at all!}) 28. Qxd6 {White has won a pawn, but it is not easy to
evaluate the consequences of the counterplay based on} c4 {. Black would
probably have chances to reach a drawn rook ending with a white extra pawn on
the a-file.}) 25... h5 {With the queen far away, this does not look like
proper counterplay. In fact, it just weakens the kingside. It is also true
that there was not much to be done on the queenside:} (25... Rb4 {loses a pawn
to} 26. Rxb4 Qxb4 27. Qxa6) ({Or if} 25... Rd8 26. Kg2 Rb4 27. Rxb4 cxb4 28.
Qc6 {Black is far from equality yet.}) 26. Kg2 Re8 {For far from obvious
reasons, the rook is exposed here, allowing an elegant "small combination" in
Capablanca's style. Now is the moment to say that I have sadly failed to find
ninth round games directly related to the style of the third World Champion,
so my hopes expressed at the end of the previous article were not fulfilled.
But I have taken myself the liberty of mentioning Capablanca twice, as some
platonic consolation.} 27. Bd2 $1 Qa3 ({The trick is that after} 27... Rxb1 28.
Bxa5 Rxd1 {White would fork the rooks with} 29. Qa4 $1) 28. Rxb8 Rxb8 29. Bc3 {
Black's queen's ambitions have led to fatal consequences: Her Majesty is
completely paralysed! Since the bishop has to block the pawn, Black can mainly
play with the rook, making the fight rather unfair.} Re8 30. Rb1 Rb8 31. Re1
Rd8 $2 {Another unfortunate choice of square for the rook.} (31... Ra8 {
would have put up some tougher resistance:} 32. Re3 Qc1 {although after} 33.
Qd3 $1 {followed by Qf5 White's attack would be decisive.} ({Unlike in the
game,} 33. Qh4 {would not attack the rook, allowing} Qd1 {followed by ...Qg4,
finally restoring Black's coordination.})) 32. Re3 Qc1 33. Qh4 {White is just
winning now. The d8-rook is attacked so Black has no time to defend against
threats like Qg5 or Bxg7.} f6 34. Bxf6 $1 {The most straightforward win.} Rf8 (
34... gxf6 35. Qxf6 {leaves the king helpless against the combined attack of
the queen and rook.}) 35. Bxg7 Kxg7 36. Qg5+ Kh7 37. Qxh5+ Kg7 ({Or if} 37...
Kg8 38. Qg6+ Kh8 39. Qxd6 {White has not only a decisive material advantage,
he also has a winning mating attack!}) 38. Qg5+ Kh7 39. Re7+ {Winning the
queen.} 1-0

[Event "GBR-ch 98th"]
[Site "Sheffield"]
[Date "2011.07.29"]
[Round "5"]
[White "Wells, Peter K"]
[Black "Houska, Jovanka"]
[Result "1/2-1/2"]
[WhiteElo "2489"]
[BlackElo "2418"]
[Annotator "Martin,A"]
[PlyCount "71"]
[EventDate "2011.07.24"]
[EventType "swiss"]
[EventRounds "11"]
[EventCountry "ENG"]
[SourceTitle "CBM 143 Extra"]
[Source "ChessBase"]
[SourceDate "2011.08.29"]
[SourceVersion "1"]
[SourceVersionDate "2011.08.29"]
[SourceQuality "1"]

1. d4 d5 2. c4 c6 3. Nf3 Nf6 4. Nc3 a6 {A more than useful waiting move,
preparing ...b7-b5 to gain space on the queenside and keeping all options open
with the modelling of the pawn structure and the deployment of the minor
pieces. Korchnoi once remarked that 4...a6 had to be a mistake because the
b6-square was weakened. Nobody has yet been able to prove it.} 5. a4 {Very
committal, but Wells is not afraid of a sharp struggle.} e6 (5... dxc4 6. g3 e6
7. Bg5 c5 (7... h6 8. Bxf6 Qxf6 9. Bg2 Nd7 10. O-O Be7 11. e3 O-O 12. Nd2 Rd8
13. Nxc4 Bf8 14. Qe2 Rb8 15. Rfd1 Qe7 16. a5 Nf6 17. Na4 Qb4 18. Qc2 Bd7 19. b3
c5 20. Nab6 cxd4 21. Rxd4 Bc5 22. Rdd1 Bc6 23. Bxc6 bxc6 24. Ne5 Rxd1+ 25. Rxd1
Qb5 26. Nbd7 Nxd7 27. Nxd7 {1-0 Van Wely,L (2675)-Dautov,R (2609)/Baden Baden
2011}) 8. Bxf6 Qxf6 9. d5 Nd7 10. Bg2 Rb8 11. O-O e5 12. a5 Qd8 13. Qa4 b5 14.
axb6 Rxb6 15. Qc2 Be7 16. Nd2 Rb4 17. Rfd1 O-O 18. Nce4 f5 19. d6 fxe4 20. dxe7
Qxe7 21. Nxe4 Nf6 22. Nd6 Bg4 23. Rxa6 Rfb8 24. Nxc4 Be6 25. Nxe5 Bb3 26. Nc6
Bxc2 27. Nxe7+ Kf7 28. Rc1 Rxb2 29. Nc6 Rb1 30. Ra1 Rxa1 31. Rxa1 Rb2 32. Rc1
Ke6 33. Na5 Ra2 34. Nc4 Bb3 35. e3 Bxc4 36. Rxc4 Ra1+ 37. Bf1 Kd6 38. Kg2 Nd7
39. Rc2 Nb6 40. f4 Nd5 41. Rd2 Kc6 42. Kf3 Rxf1+ 43. Ke4 Nc3+ 44. Kd3 Nb5 45.
g4 Rc1 46. g5 c4+ 47. Ke4 c3 48. Rg2 Re1 49. f5 Nd6+ {0-1 Van Wely,L (2675)
-Smeets,J (2647)/playchess.com INT 2011}) (5... g6 6. Bf4 Bg7 7. e3 O-O 8. Be2
a5 9. Qb3 dxc4 10. Bxc4 Nh5 11. Be5 Nd7 12. Ng5 e6 13. Bxg7 Kxg7 14. h4 Qe7 15.
O-O-O Qb4 16. Qa2 Nb6 17. Be2 Nf6 18. e4 h6 19. e5 Nfd5 20. Nge4 c5 21. Nxc5
Nxc3 22. bxc3 Qxc3+ 23. Kb1 Qb4+ 24. Ka1 Nd5 25. Rd3 b6 26. Rb1 bxc5 27. Rxb4
Nxb4 28. Qd2 Ba6 29. Rg3 Bxe2 30. Qxe2 cxd4 31. h5 Rac8 32. hxg6 fxg6 33. Qg4
g5 34. Qxe6 Rc6 35. Qe7+ Rf7 36. Rxg5+ hxg5 37. Qxg5+ Rg6 38. Qd8 d3 39. e6
Rxe6 40. Qg5+ Kf8 41. Qxa5 Nc6 42. Qc5+ Ke8 43. Qd5 Re1+ 44. Kb2 Rb7+ 45. Kc3
Rc1+ 46. Kd2 Rc2+ 47. Ke3 Re7+ 48. Kf4 Rd7 49. Qg8+ Ke7 {0-1 Sandipan,C (2641)
-Kamsky,G (2730)/Moscow 2011}) 6. g3 (6. e3 c5 7. Bd3 Nc6 8. O-O Be7 9. cxd5
exd5 10. dxc5 O-O 11. b3 Bxc5 12. Ne2 Bg4 13. Bb2 Qe7 14. Rc1 Bd6 15. Ng3 Ne4
16. Be2 Rfd8 17. Nd4 Nxg3 18. hxg3 Bxe2 19. Qxe2 Nxd4 20. Bxd4 Qe6 21. Qb2 f6
22. b4 Rac8 23. b5 axb5 24. Qxb5 Qf7 25. Rfd1 Bf8 26. Rxc8 Rxc8 27. Bb6 Rc4 28.
a5 d4 29. Bxd4 Rb4 30. Qf5 Qb3 31. Rc1 Rb5 32. Qd7 Rxa5 33. g4 Qd5 34. Qc8 Rb5
35. Qe8 Ra5 36. Rc8 Qf7 37. Rc7 {1-0 Kramnik,V (2791)-Movsesian,S (2721)/
Moscow 2010}) 6... Bb4 (6... c5 $1 {is a slightly surprising move, but a good
one:} 7. cxd5 cxd4 8. Nxd4 Nxd5 9. Bg2 Nxc3 10. bxc3 e5 11. Nb3 Qxd1+ 12. Kxd1
Nc6 13. Be3 Be6 14. Kc2 O-O-O 15. Bb6 Rd7 16. Rhd1 Rxd1 17. Rxd1 Be7 18. Bxc6
bxc6 19. Na5 c5 20. c4 h5 21. Nc6 Bf6 22. Na5 Be7 23. Nc6 Bf6 24. Na5 Be7 {
1/2-1/2 Grischuk,A (2746)-Movsesian,S (2700)/Ningbo 2011}) 7. Bg2 Nbd7 8. O-O
a5 {Fixing b4. The next task is to develop the queenside.} 9. Qc2 O-O 10. Rd1
b6 11. cxd5 cxd5 12. Nb5 (12. Bf4 Ba6 13. Ne5 Rc8 {is comfortable for Black
too.}) 12... Ba6 13. Bf4 Rc8 14. Qb3 Bxb5 {Could this have waited?} (14... Ne4
15. Rac1 Qe7 {with simliar ideas to the game, but preserving some options,
might have been better.}) 15. axb5 Ne4 16. h4 $5 {It looks like Peter Wells
was finding it difficult to construct a plan to play for the advantage.} (16.
Rac1 {was normal and then} Bd6 (16... Qe7 17. Rc6) (16... Rxc1 17. Rxc1 g5 (
17... Bd6 18. Be3 Ndf6 19. Ne5 (19. Rc6 Ng4 $132)) 18. Be3 f5 19. Rc6 f4 $132)
17. Rxc8 Qxc8 18. Rc1 Qb7 19. Bxd6 Nxd6 20. Rc6 {White may be able to keep an
edge in this complicated middlegame}) 16... Nd6 17. Qd3 Nc4 $11 {Counterplay
arrives, right on time!} 18. Rab1 Bd6 19. Bg5 f6 20. b3 Na3 21. Rbc1 {A
necessary piece sacrifice.} (21. Ra1 fxg5 22. Nxg5 Nf6 23. Bh3 (23. Nxe6 Qd7
24. Nxf8 Rxf8 25. Rac1 Nxb5 $17) 23... Re8 24. Bxe6+ Rxe6 25. Nxe6 Qd7 26. Ng5
Nxb5) 21... fxg5 22. Nxg5 Nf6 23. Bh3 ({Both players were running short of
time, but it is surprising that the relatively straightforward} 23. Nxe6 $1 Qd7
24. Nxf8 Rxf8 25. Rc6 {was not played.}) 23... Rxc1 24. Rxc1 Qe7 25. Bxe6+ Kh8
26. Rc6 h6 $1 27. Nf7+ Rxf7 28. Bxf7 Qxf7 29. Rxd6 Ne4 30. Rd8+ Kh7 31. f3 Qc7
$1 {Seen in advance by both players no doubt. The pin on the Ne4 saves White.}
32. Rxd5 Qxg3+ 33. Kh1 Qxh4+ 34. Kg2 Qg3+ 35. Kh1 Qh3+ 36. Kg1 1/2-1/2

[Event "EU-Cup 18th"]
[Site "Kallithea"]
[Date "2002.09.22"]
[Round "1.1"]
[White "Bischoff, Klaus"]
[Black "Ivanchuk, Vassily"]
[Result "0-1"]
[WhiteElo "2554"]
[BlackElo "2711"]
[Annotator "McShane,L"]
[PlyCount "86"]
[EventDate "2002.09.22"]
[EventType "team-swiss"]
[EventRounds "7"]
[EventCountry "GRE"]
[SourceTitle "CBM 092"]
[Source "ChessBase"]
[SourceDate "2003.02.06"]
[SourceVersion "1"]
[SourceVersionDate "2003.02.06"]
[SourceQuality "1"]
[WhiteTeam "Klagenfurt"]
[BlackTeam "Warsaw Polonia"]
[WhiteTeamCountry "AUT"]
[BlackTeamCountry "POL"]

1. c4 c6 2. Nf3 Nf6 3. Nc3 d5 4. e3 a6 5. d4 b5 6. cxd5 cxd5 $11 {The pawns
may be symmetrical, but there are plenty of pieces left!} 7. Bd2 e6 8. Ne2 $5 {
By manouvering this knight to d3 Bischoff fights for the critical queenside
dark squares.} Bd6 9. Nc1 O-O 10. Be2 b4 $1 {Grabbing space and also
increasing control over the critical squares. In view of this, perhaps 10.Nd3
was better.} 11. O-O a5 12. Nd3 Ne4 13. Qc2 Ba6 {Given the central pawn
structure, this bishop ought to be 'bad', but Ivanchuk has found a useful
diagonal for it. By contrast, White's d2 bishop really is a poor piece now.}
14. Rfc1 Nd7 15. Be1 (15. Qc6 {is met by the cunning} Qb8 $1 {forcing White to
retreat again, as} 16. Qxd7 $2 Bb5 17. Rc6 Ra7 {traps the queen.}) 15... Qb8
16. Qd1 h6 17. h3 Ra7 18. Nd2 Rc8 19. Rxc8+ Qxc8 20. Nf1 Bb5 21. f3 Nef6 22.
Rc1 Rc7 23. Rxc7 Qxc7 24. b3 Ne8 $1 {Despite much shuffling, White's position
is still solid. However, 24.b3 created a weakness on c3 towards which Ivanchuk
immediately heads. This knight is coming to b5!} 25. Nc1 Bc6 $1 ({After} 25...
Bxe2 26. Nxe2 {White has c3 under control.}) 26. Bd3 Qb6 27. Bb1 Bb5 28. Bf2
Qc6 29. Ne2 Nc7 30. g4 Bxe2 $1 {The bishop is exchanged for a defender of c3.
White's position should still be defensible, but it seems to crumble very
quickly} 31. Qxe2 Nb5 32. Kg2 e5 $1 {Another forceful move. Exchanging on e5
would increase Black's space in the centre, but as played White allows another
weakness.} 33. Ng3 exd4 34. exd4 Nf8 $1 {Heading straight for f4.} 35. Qd3 Bxg3
{The knight might have been dangerous on f5.} 36. Bxg3 Na3 {Instead, the
knight chooses a3, and Qc6-c1 is threatened, trapping the bishop.} 37. Qd1 Nxb1
38. Qxb1 Ne6 39. Bf2 (39. Qd3 Qc3 $1 {is also bad.}) 39... Nf4+ 40. Kh2 Ne2 {
Introducing the threat of Qc6-c1, as exchanges would leave White's a2 pawn
weak.} 41. Kg2 Qc1 42. Qf5 g5 $1 {Now White has no perpetual check and will be
mated when the knight returns to f4.} 43. h4 (43. Kh2 Nf4 {followed by Qc1-f1
was also hopeless.}) 43... Nf4+ (43... Nf4+ 44. Kg3 (44. Kh2 Qf1) 44... Qh1 $1
45. hxg5 Ne2#) 0-1

[Event "Lost Boys op"]
[Site "Antwerp"]
[Date "1998.08.06"]
[Round "6"]
[White "Stefansson, Hannes"]
[Black "Van den Doel, Erik"]
[Result "1-0"]
[WhiteElo "2535"]
[BlackElo "2480"]
[Annotator "Meulders,R"]
[PlyCount "85"]
[EventDate "1998.08.??"]
[EventType "swiss"]
[EventRounds "9"]
[EventCountry "BEL"]
[SourceTitle "CBM 067"]
[Source "ChessBase"]
[SourceDate "1998.11.30"]
[SourceVersion "2"]
[SourceVersionDate "1998.11.01"]
[SourceQuality "1"]

1. d4 d5 2. c4 c6 3. Nf3 Nf6 4. Nc3 a6 5. e3 b5 6. b3 Bg4 7. Be2 e6 8. O-O Nbd7
9. Bb2 Bd6 10. h3 Bf5 11. Nh4 Be4 12. f3 Bg6 13. f4 Ne4 14. Nxg6 Nxc3 15. Bxc3
hxg6 16. Bd3 f5 17. Qe1 Qe7 18. Ba5 $1 {Ein starker positioneller Zug womit
der schwarze Damenflügel kontrolliert wird.} g5 19. cxd5 cxd5 20. Rc1 Kf7 21.
Rc6 Nb8 22. Rc2 {Durch ein Scheinmanöverhat Weiß eventuelle Turmverdopplung 
(c- oder f-Linie) ermöglicht.} Nd7 23. a4 $1 bxa4 24. bxa4 {Mit einfachen aber
kraftig-positionellen Mitteln hat Weiß einen klaren Vorteil erreicht: Chanchen
gegen den ziemlicht unsicheren schwarzen K und wenn es zu einem Endspiel kommt:
B-Paar und schwachen schwarzen aP.} gxf4 25. exf4 Nf6 26. Bb6 Ne4 27. Qe3 Rh4
28. Qc1 Qf6 29. Rc6 Qe7 30. Bc7 Ra7 31. Bxd6 Nxd6 32. Bxa6 Ne4 33. Bd3 Qb4 34.
Rc7+ Kg6 35. Rxa7 Qxd4+ 36. Kh2 Qxa7 {Das materielle Gleichgewicht ist
hergestellt, aber Weiß hat einen freien aP und Angriffschanchen gegen den
schwarzen K.} 37. Qc8 Kf7 38. Bxe4 $1 {Der beste Freund des K wird aufgeräumt.}
dxe4 39. Rc1 $1 Qd4 40. Rc7+ Kg6 41. Qxe6+ Qf6 42. Qe8+ Kh7 43. Rc6 {Die
Drohung Qg6 und Rc8 kostet die Q.} 1-0